BIBLIOTECA “JULIO CORTÁZAR”
ESCUELA AGROTÉCNICA “LIBERTADOR GENERAL SAN MARTÍN” - UNR – CASILDA

Logo Escuela Logo UNR

Pedro el Grande de Rusia / (Record no. 232)

MARC details
000 -LEADER
campo de control de longitud fija 00678nam#a22002655a#4500
001 - NÚMERO DE CONTROL
campo de control 232
008 - DATOS DE LONGITUD FIJA--INFORMACIÓN GENERAL
campo de control de longitud fija 060425s1961####ag#####g#####l|01#0bspa||
080 ## - NÚMERO DE LA CLASIFICACIÓN DECIMAL UNIVERSAL
Número de la Clasificación Decimal Universal 929 Pedro el Grande
084 ## - OTRO NÚMERO DE CLASIFICACIÓN
Número de clasificación D67-A35
040 ## - FUENTE DE CATALOGACIÓN
Centro catalogador/agencia de origen AR-ClEAG
Centro/agencia transcriptor AR-ClEAG
005 - FECHA Y HORA DE LA ÚLTIMA TRANSACCIÓN
campo de control 20241107184629.0
003 - IDENTIFICADOR DE NÚMERO DE CONTROL
campo de control AR-ClEAG
100 1# - ENTRADA PRINCIPAL--NOMBRE DE PERSONA
Nombre de persona Diaz - Alejo, Pedro.
245 10 - MENCIÓN DEL TÍTULO
Título Pedro el Grande de Rusia /
Mención de responsabilidad, etc. R. Diaz - Alejo.
260 ## - PUBLICACIÓN, DISTRIBUCIÓN, ETC.
Lugar de publicación, distribución, etc. Buenos Aires :
Nombre del editor, distribuidor, etc. Atlántida,
Fecha de publicación, distribución, etc. 1961.
300 ## - DESCRIPCIÓN FÍSICA
Extensión 126 p. ;
Dimensiones 16 cm.
490 0# - MENCIÓN DE SERIE
Mención de serie Biblioteca Billiken. Colección verde
653 ## - TÉRMINO DE INDIZACIÓN--NO CONTROLADO
Término no controlado Historia
653 ## - TÉRMINO DE INDIZACIÓN--NO CONTROLADO
Término no controlado Fuerte
653 ## - TÉRMINO DE INDIZACIÓN--NO CONTROLADO
Término no controlado Gobierno
653 ## - TÉRMINO DE INDIZACIÓN--NO CONTROLADO
Término no controlado Guerra
653 ## - TÉRMINO DE INDIZACIÓN--NO CONTROLADO
Término no controlado Muerte emperatriz
653 ## - TÉRMINO DE INDIZACIÓN--NO CONTROLADO
Término no controlado Biografía.
942 ## - ELEMENTOS DE ENTRADA SECUNDARIOS (KOHA)
Tipo de ítem Koha Libros
980 ## - EQUIVALENCIA O REFERENCIA-CRUZADA-MENCIÓN DE SERIE--NOMBRE DE PERSONA/TÍTULO [LOCAL, CANADÁ]
Enlace 2
Nombre de persona Evangelina Gallicchio
Enlace entre campo y número de secuencia 2
Información miscelánea Evangelina Gallicchio
Holdings
Estatus retirado Estado de pérdida Fuente del sistema de clasificación o colocación Estado de daño No para préstamo Biblioteca de origen Biblioteca actual Ubicación en estantería Fecha de adquisición Número de inventario Total de préstamos Signatura topográfica completa Código de barras Visto por última vez Precio de reemplazo Tipo de ítem Koha
    Clasificación decimal universal     Julio Cortázar Julio Cortázar   07/11/2024 275   R21 929 Pedro el Grande D67-A35 1 1 Ej.1 275 07/11/2024 07/11/2024 Libros
    Clasificación decimal universal     Julio Cortázar Julio Cortázar   07/11/2024 2091   R06 929 Pedro elGrande D67-A35 2 1 Ej.2 2091 07/11/2024 07/11/2024 Libros

Contacto

Biblioteca Julio Cortázar. Escuela Agrotécnica "Libertador San Martín". Universidad Nacional de Rosario
Dirección: Ov. Lagos 1000 - 2170 Casilda - Santa Fe - Argentina
Tel: (54) (03464) 422226.
Fax: (54) (03464) 427789.
E-Mail: biblio-eac@unr.edu.ar